000 00588cam a22002053a 4500
001 35047
003 PGUSA
005 20140828083745.0
008 110123s2011||||xxu|||||s|||||000 | eng d
040 _aPGUSA
_beng
042 _adc
100 1 _aLeslie, Madeline,
_d1815-1893
245 1 0 _aLittle Robins' Love One to Another
_h[electronic resource] /
_cMadeline Leslie
260 _bProject Gutenberg,
_c2011
506 _aPublic domain in the USA.
516 _aElectronic text
830 0 _aProject Gutenberg
_v35047
856 4 0 _uhttp://www.gutenberg.org/ebooks/35047
942 _cEB
999 _c264302
_d264302